Asambleas del Señor (Record no. 26717)

MARC details
000 -LEADER
campo de control de longitud fija 00644nam a2200181 i 4500
001 - NÚMERO DE CONTROL
campo de control 26717
003 - IDENTIFICADOR DE NÚMERO DE CONTROL
campo de control ES-MaACL
007 - CAMPO FIJO DE DESCRIPCIÓN FÍSICA--INFORMACIÓN GENERAL
campo de control de longitud fija t|
008 - DATOS DE LONGITUD FIJA--INFORMACIÓN GENERAL
campo de control de longitud fija 030110s1964 sp ||||1| spa d
245 00 - MENCIÓN DEL TÍTULO
Título Asambleas del Señor
Resto del título : catequesis de los domingos y fiestas.
260 ## - PUBLICACIÓN, DISTRIBUCIÓN, ETC.
Lugar de publicación, distribución, etc. Madrid :
Nombre del editor, distribuidor, etc. Marova,
Fecha de publicación, distribución, etc. 1964.
300 ## - DESCRIPCIÓN FÍSICA
Extensión 2 v. ;
Dimensiones 21 cm.
505 8# - NOTA DE CONTENIDO CON FORMATO
Nota de contenido con formato Contiene: V.I: Introducción / presentada por N. Clariesse... [et al.]. -- V.II: Primer Domingo de Pasión / presentada por C. Bourgin... [et al.]
700 1# - ENTRADA AGREGADA--NOMBRE PERSONAL
Nombre de persona Clarisse, N.
9 (RLIN) 39020
700 1# - ENTRADA AGREGADA--NOMBRE PERSONAL
Nombre de persona Bourgin, C.
9 (RLIN) 30993
740 0# - ENTRADA AGREGADA--TÍTULO RELACIONADO/ANALÍTICO NO CONTROLADO
Título relacionado o analítico no controlado Primer Domingo de Pasión.
852 ## - LOCALIZACIÓN
Ubicación ES-MaACL
Número de control de estantería E-4384-5
Sublocalización o colección R.54469-54470
Holdings
Estatus retirado Estado de pérdida Estado de daño No para préstamo Biblioteca de origen Biblioteca actual Ubicación en estantería Fecha de adquisición Fuente de adquisición Total de préstamos Signatura topográfica completa Código de barras Visto por última vez Precio de reemplazo Tipo de ítem Koha
        Biblioteca del Ateneo de Madrid Biblioteca del Ateneo de Madrid Depósito 2 17/01/2008     E-4384-5 1027570 23/02/2023 23/02/2023 Libro impreso